Statistics for Words That Rhyme With Fail

Click here to take the quiz!

General Stats

  • This quiz has been taken 33 times
  • The average score is 12 of 15

Answer Stats

HintAnswer% Correct
PrisonJail
100%
A letter or a packageMail
100%
Pellets of frozen rainHail
97%
A screw or a covering on the tip of your fingers and toesNail
93%
Light in color or having little colorPale
93%
Fragile or weakFrail
90%
BucketPail
87%
A piece of material extended on a mastSail
83%
Strong windGale
80%
Leafy green vegetable with a bitter tasteKale
80%
A cup in a medieval legendGrail
67%
A bar or a series of bars fixed on upright supportsRail
63%
CureAil
60%
Release or secureBail
60%
A small, short-tailed birdQuail
47%

Score Distribution

Percentile by Number Answered

Percent of People with Each Score

Your Score History

You have not taken this quiz